Slovník zvláštních výrazů používaných v uretanovém průmyslu
Saved in:
| Corporate Authors | , |
|---|---|
| Format | Book |
| Language | Czech English |
| Published |
Gottwaldov :
[s.n.],
1973
|
| Subjects | |
| Physical Description | 153 s. ; 20 cm |
Cover
| LEADER | 00000cam a2200000 a 4500 | ||
|---|---|---|---|
| 001 | 15740 | ||
| 003 | CZ-ZlUTB | ||
| 005 | 20190825233331.0 | ||
| 007 | ta | ||
| 008 | 950218s1973 xr f d 000 0 cze d | ||
| 040 | |a ZLD002 |b cze | ||
| 041 | 0 | |a cze |a eng | |
| 072 | 7 | |a 678 |x Průmysl makromolekulárních látek. Gumárenský průmysl. Průmysl plastů |2 Konspekt |9 19 | |
| 072 | 7 | |a 81 |x Lingvistika. Jazyky |2 Konspekt |9 11 | |
| 080 | |a 678.7/.8 |2 MRF | ||
| 080 | |a 54-126 |2 MRF | ||
| 080 | |a 811.111 |2 MRF | ||
| 080 | |a 811.162.3 |2 MRF | ||
| 080 | |a 81’373.46 |2 MRF | ||
| 080 | |a (038)81 |2 MRF | ||
| 080 | |a (038.072) |2 MRF | ||
| 245 | 0 | 0 | |a Slovník zvláštních výrazů používaných v uretanovém průmyslu |
| 260 | |a Gottwaldov : |b [s.n.], |c 1973 | ||
| 300 | |a 153 s. ; |c 20 cm | ||
| 500 | |a Nad názvem uvedeno: Závodní pobočka ČVTS při OŘ ČOP Gottwaldov | ||
| 650 | 0 | 7 | |a polymery |7 ph124310 |2 czenas |
| 650 | 0 | 7 | |a makromolekulární chemie |7 ph122572 |2 czenas |
| 650 | 0 | 7 | |a oborová terminologie |7 ph138998 |2 czenas |
| 650 | 0 | 7 | |a angličtina |7 ph114056 |2 czenas |
| 650 | 0 | 7 | |a čeština |7 ph135292 |2 czenas |
| 650 | 0 | 9 | |a polymers |2 eczenas |
| 650 | 0 | 9 | |a macromolecular chemistry |2 eczenas |
| 650 | 0 | 9 | |a terminology (professional) |2 eczenas |
| 650 | 0 | 9 | |a English language |2 eczenas |
| 650 | 0 | 9 | |a Czech language |2 eczenas |
| 655 | 7 | |a výkladové slovníky |7 fd133855 |2 czenas | |
| 655 | 7 | |a dvojjazyčné překladové slovníky |7 fd208746 |2 czenas | |
| 655 | 9 | |a explanatory dictionaries |2 eczenas | |
| 655 | 9 | |a bilingual translation dictionaries |2 eczenas | |
| 710 | 2 | |a Česká vědeckotechnická společnost |7 kn20051125030 | |
| 710 | 2 | |a Český obuvnický průmysl Gottwaldov | |
| 910 | |a ZLD002 | ||
| 952 | |0 0 |1 0 |4 0 |6 678SLOVNÍK |7 0 |8 BOOK |9 26716 |a UTBZL |b UTBZL |c 030 |d 2006-07-29 |i 49209 |l 0 |o 678/SLOVNÍK |p 420010001440 |r 2019-08-25 00:00:00 |v 50.00 |w 2019-08-25 |x 20100831 |y 05 | ||
| 952 | |0 0 |1 0 |4 0 |6 678SLOVNÍK |7 0 |8 BOOK |9 26717 |a UTBZL |b UTBZL |c 030 |d 2006-07-29 |i 49210 |l 0 |o 678/SLOVNÍK |p 420010001445 |r 2019-08-25 00:00:00 |v 50.00 |w 2019-08-25 |x 20100831 |y 05 | ||
| 952 | |0 0 |1 0 |4 0 |6 678SLOVNÍK |7 0 |8 BOOK |9 26718 |a UTBZL |b UTBZL |c 030 |d 2006-07-29 |i 49211 |l 0 |o 678/SLOVNÍK |p 420010001444 |r 2019-08-25 00:00:00 |v 50.00 |w 2019-08-25 |x 20100831 |y 05 | ||
| 952 | |0 0 |1 0 |4 0 |6 678SLOVNÍK |7 0 |8 BOOK |9 26719 |a UTBZL |b UTBZL |c 030 |d 2006-07-29 |i 49212 |l 0 |o 678/SLOVNÍK |p 420010023638 |r 2019-08-25 00:00:00 |v 50.00 |w 2019-08-25 |x 20100831 |y 05 | ||
| 992 | |a BK |b SK | ||
| 999 | |c 15740 |d 15740 | ||